Supersonic aerodynamics and rocket propulsion /

Bibliographic Details
Main Author: Lee, Robert F., 1918-
Format: Book
Language:English
Published: [Los Angeles], [publisher not identified] ; [1963]
Subjects:

MARC

Tag First Indicator Second Indicator Subfields
LEADER 00000cam a2200000 4500
001 in00000096433
005 20150925090238.0
008 720215s1963 caua b 00110 eng
010 |a  71298353  
035 |a (OCoLC)00262316 
035 |9 AAL2404AM 
040 |a DLC  |c DLC  |d TXA  |d UtOrBLW 
049 |a TXAM  |c 1 [704319]  |c 2 [704320] 
050 0 0 |a TL571  |b .L36 
082 0 |a 629.132/305 
090 |a TL573  |b .L44 
100 1 |a Lee, Robert F.,  |d 1918- 
245 1 0 |a Supersonic aerodynamics and rocket propulsion /  |c by Robert F. Lee. 
264 1 |a [Los Angeles],  |b [publisher not identified] ;  |c [1963] 
264 4 |c [©1963] 
300 |a x, 191 pages :  |b illustrations ;  |c 23 cm. 
336 |a text  |b txt  |2 rdacontent 
337 |a unmediated  |b n  |2 rdamedia 
338 |a volume  |b nc  |2 rdacarrier 
504 |a Includes bibliographical references. 
650 0 |a Aerodynamics, Supersonic. 
650 0 |a Rockets (Aeronautics) 
999 |a MARS 
999 f f |s 43be603b-48f7-3dcf-b972-e501bebdb7d6  |i daa3120b-a3a1-3487-9bde-fe52597824f4  |t 0 
952 f f |p normal  |a Texas A&M University  |b College Station  |c Sterling C. Evans Library  |d Evans: Library Stacks  |t 0  |e TL573 .L44  |h Library of Congress classification  |i unmediated -- volume  |m A14805543555 
998 f f |a TL573 .L44  |t 0  |l Evans: Library Stacks